| 000 | 00487 a2200169 4500 | ||
|---|---|---|---|
| 003 | OSt | ||
| 005 | 20231110135939.0 | ||
| 008 | 231110b |||||||| |||| 00| 0 eng d | ||
| 020 | _a8178982900 | ||
| 040 | _coclc | ||
| 082 |
_a297.272 _bABD/S |
||
| 100 | 1 |
_aAbdelkader, Dina _99894 |
|
| 245 |
_aSocial justice in Islam / _cDina Abdelkader, |
||
| 260 |
_aNew Delhi: _bGoodword books, _c2003. |
||
| 300 | _a216p | ||
| 942 |
_2ddc _cBK _h297.272 _iABD/S _k297.272 _mABD/S |
||
| 999 |
_c43032 _d43032 |
||